[Event "IX Floripa Chess Open Fort Atacadista"]
[Site "Florianópolis - Santa Catari"]
[Date "2023.01.25"]
[Round "4.23"]
[White "Mariano, Marceley Martins"]
[Black "Lima, Darcy"]
[Result "0-1"]
[WhiteElo "2089"]
[BlackElo "2439"]
[PlyCount "66"]
[EventDate "2023.01.23"]
[EventRounds "10"]
[EventCountry "BRA"]

1. e4 c5 2. Nf3 d6 3. d4 cxd4 4. Nxd4 Nf6 5. Nc3 Nc6 6. Be3 Ng4 7. Qd2 Nxe3 8.
Qxe3 e6 9. O-O-O a6 10. Bc4 Be7 11. Kb1 O-O 12. f4 Na5 13. Bd3 Qc7 14. g4 Re8
15. g5 Bf8 16. h4 b5 17. h5 Nc4 18. Qg3 Qc5 19. Nb3 Qe3 20. Qh4 Bb7 21. Rh3 Qb6
22. g6 fxg6 23. hxg6 h6 24. Qg3 Qc7 25. Nd4 Rac8 26. Qg4 Nxb2 27. Nxe6 Qxc3 28.
Nxf8 Nxd1 29. Qxd1 Qb4+ 30. Ka1 Rxf8 31. Qg4 Qc3+ 32. Kb1 Qc7 33. Qe6+ Kh8 0-1

[Event "IX Floripa Chess Open Fort Atacadista"]
[Site "Florianópolis - Santa Catari"]
[Date "2023.01.25"]
[Round "4.24"]
[White "Labussiere, Victor"]
[Black "Trevisan, Rodrigo"]
[Result "1/2-1/2"]
[WhiteElo "2315"]
[BlackElo "2101"]
[PlyCount "128"]
[EventDate "2023.01.23"]
[EventRounds "10"]
[EventCountry "BRA"]

1. Nf3 d5 2. d4 Nf6 3. c4 e6 4. g3 Be7 5. Bg2 O-O 6. O-O dxc4 7. Qc2 a6 8. a4
Bd7 9. Qxc4 Bc6 10. Bg5 Nbd7 11. Rd1 h6 12. Bxf6 Nxf6 13. Nc3 a5 14. e3 Bb4 15.
Rac1 Bxc3 16. Rxc3 Nd5 17. Ra3 Nb4 18. Ne5 Bxg2 19. Kxg2 Qd5+ 20. Qxd5 exd5 21.
Nd3 Nxd3 22. Raxd3 c6 23. Rb3 Ra7 24. Rb6 Re8 25. g4 Re7 26. Kg3 Ra8 27. h4 g6
28. Kf4 Re4+ 29. Kg3 Re7 30. Rb1 Kf8 31. g5 h5 32. b4 axb4 33. R1xb4 Rc7 34.
Rxb7 Rxb7 35. Rxb7 Rxa4 36. Rc7 Rc4 37. Kf4 Rc2 38. f3 Kg7 39. Rc8 Rh2 40. Kg3
Rc2 41. Kf4 Rh2 42. Rxc6 Rxh4+ 43. Kg3 Rh1 44. Rc2 Rg1+ 45. Kf4 h4 46. e4 dxe4
47. fxe4 Rf1+ 48. Ke5 Rg1 49. Kf4 Rf1+ 50. Ke3 Rg1 51. Rh2 Rxg5 52. Rxh4 Rg1
53. d5 Kf6 54. Rf4+ Ke7 55. e5 Re1+ 56. Kd4 Rd1+ 57. Kc5 Rc1+ 58. Rc4 Rxc4+ 59.
Kxc4 g5 60. Kd4 f5 61. Ke3 f4+ 62. Ke4 Kd7 63. Kf3 Ke7 64. Kg4 Kd7 1/2-1/2

[Event "IX Floripa Chess Open Fort Atacadista"]
[Site "Florianópolis - Santa Catari"]
[Date "2023.01.25"]
[Round "4.25"]
[White "Medeiros Jr, Francisco De Assis"]
[Black "Perez, Daniel"]
[Result "0-1"]
[WhiteElo "2071"]
[BlackElo "2306"]
[PlyCount "122"]
[EventDate "2023.01.23"]
[EventRounds "10"]
[EventCountry "BRA"]

1. e4 e5 2. Nf3 Nc6 3. Bc4 Nf6 4. d3 Be7 5. Nc3 O-O 6. O-O d6 7. a4 Bg4 8. h3
Be6 9. Nd5 Bxd5 10. exd5 Nb4 11. d4 e4 12. Nd2 Nbxd5 13. Nxe4 c6 14. Ng3 Re8
15. Qf3 Nc7 16. Bd3 g6 17. Re1 d5 18. c3 Nd7 19. Bh6 Bf8 20. Bd2 Qh4 21. Qf4
Qxf4 22. Bxf4 Ne6 23. Bd2 Bd6 24. Nf1 f6 25. g3 Kf7 26. Kg2 Re7 27. Re2 Rae8
28. Rae1 f5 29. Nh2 Nf6 30. Nf3 Ne4 31. Bxe4 fxe4 32. Ng5+ Kg7 33. Nxe6+ Rxe6
34. Be3 Rf8 35. h4 Rf3 36. Rc1 Re7 37. Rh1 h5 38. Rhe1 Kf7 39. Bg5 Re6 40. Be3
Kf6 41. Bg5+ Kf5 42. Re3 Kg4 43. Rxf3 exf3+ 44. Kf1 Rxe1+ 45. Kxe1 Kf5 46. Kd2
Ke4 47. b3 c5 48. Be3 b6 49. a5 Be7 50. axb6 axb6 51. Kc2 Bf8 52. Kd2 Bd6 53.
dxc5 bxc5 54. Bg5 Bc7 55. Be7 Bb6 56. c4 Ba5+ 57. Kc2 dxc4 58. bxc4 Kd4 59. Bg5
Kxc4 60. Be3 Be1 61. Kd1 Bc3 0-1

[Event "IX Floripa Chess Open Fort Atacadista"]
[Site "Florianópolis - Santa Catari"]
[Date "2023.01.25"]
[Round "4.26"]
[White "Pereyra, Juan"]
[Black "Ferreira, Thales Bond Dias"]
[Result "1-0"]
[WhiteElo "2286"]
[BlackElo "2085"]
[PlyCount "157"]
[EventDate "2023.01.23"]
[EventRounds "10"]
[EventCountry "BRA"]

1. d4 d5 2. c4 e6 3. Nc3 Nf6 4. cxd5 exd5 5. Bg5 Be7 6. e3 c6 7. Bd3 Nbd7 8.
Qc2 O-O 9. Nge2 Re8 10. f3 c5 11. O-O b6 12. Rad1 Bb7 13. Kh1 Rc8 14. a3 a6 15.
Bf5 g6 16. Bh3 Nh5 17. Bxe7 Qxe7 18. dxc5 Rxc5 19. b4 Rc7 20. Bxd7 Rxd7 21. Rd3
Ng7 22. Rfd1 Rc7 23. Ng3 h5 24. Qd2 h4 25. Nf1 Nf5 26. h3 Bc6 27. Qf2 Bb7 28.
Nxd5 Bxd5 29. Rxd5 Nxe3 30. Nxe3 Qxe3 31. Qxh4 Qxa3 32. Rd8 Rc8 33. Rxc8 Rxc8
34. Rd8+ Rxd8 35. Qxd8+ Kh7 36. Qxb6 Qc1+ 37. Qg1 Qc4 38. Qe1 Qb5 39. Qc3 Qd5
40. Kg1 Qd1+ 41. Kf2 Qd5 42. Qc5 Qd2+ 43. Kg3 f5 44. Qc7+ Kg8 45. Qe7 Qd4 46.
f4 Qc3+ 47. Kh4 Qh8+ 48. Kg3 Qc3+ 49. Kh2 Qd4 50. Qe8+ Kg7 51. Qb8 Qd2 52. Qc7+
Kg8 53. Qc4+ Kg7 54. Qc7+ Kg8 55. Qc8+ Kg7 56. Qb8 Qd4 57. h4 Qd2 58. Qe5+ Kg8
59. Qe8+ Kg7 60. Qe7+ Kh8 61. Qg5 Qxb4 62. Qh6+ Kg8 63. Qxg6+ Kh8 64. Qh6+ Kg8
65. Qe6+ Kg7 66. Qxf5 a5 67. h5 Qb6 68. Kh3 Qe3+ 69. g3 Qb6 70. Kg4 Kh6 71. Qe5
Kh7 72. Qe7+ Kh6 73. Qe4 Kg7 74. Kh4 Qf6+ 75. Kh3 Qb6 76. g4 Qa6 77. Qe5+ Kh7
78. Kh4 Qb6 79. Qe7+ 1-0

[Event "IX Floripa Chess Open Fort Atacadista"]
[Site "Florianópolis - Santa Catari"]
[Date "2023.01.25"]
[Round "4.27"]
[White "Coro, Lucas"]
[Black "Segato, Pedro Henrique Pedr"]
[Result "1-0"]
[WhiteElo "2272"]
[BlackElo "1999"]
[PlyCount "93"]
[EventDate "2023.01.23"]
[EventRounds "10"]
[EventCountry "BRA"]

1. e4 e5 2. Nf3 Nc6 3. Bb5 a6 4. Ba4 Nf6 5. O-O Nxe4 6. d4 Be7 7. Re1 Nd6 8.
dxe5 Nf5 9. Nc3 O-O 10. Bf4 d6 11. exd6 Bxd6 12. Bxd6 Nxd6 13. Bxc6 bxc6 14.
Ne5 Qg5 15. Qc1 Qxc1 16. Raxc1 Nb5 17. Na4 Na7 18. Nc5 f6 19. Nf3 Kf7 20. Nd4
Rd8 21. c3 Rd5 22. b4 Rd6 23. h3 Bd7 24. Ndb3 Nc8 25. Na5 Nb6 26. Rc2 Bf5 27.
Rce2 Nd5 28. Nab7 Nxc3 29. Re7+ Kg6 30. Nxd6 cxd6 31. Nb7 Nd5 32. R7e2 Rb8 33.
Nxd6 Rxb4 34. Rc1 Bd7 35. Rd2 a5 36. Rc4 Rb1+ 37. Kh2 Nb6 38. Rc5 a4 39. Rd3 h6
40. Ra5 Rb2 41. Ra6 c5 42. Ne4 Be6 43. Rd2 Rxd2 44. Nxd2 Nc4 45. Nxc4 Bxc4 46.
Rxa4 Bd3 47. Kg3 1-0

[Event "IX Floripa Chess Open Fort Atacadista"]
[Site "Florianópolis - Santa Catari"]
[Date "2023.01.25"]
[Round "4.28"]
[White "Guerrero, Alvaro"]
[Black "Ribeiro, Matheus Mendes Domi"]
[Result "0-1"]
[WhiteElo "2058"]
[BlackElo "2250"]
[PlyCount "72"]
[EventDate "2023.01.23"]
[EventRounds "10"]
[EventCountry "BRA"]

1. d4 d5 2. Nf3 Nf6 3. c4 e6 4. Nc3 Be7 5. Bg5 h6 6. Bh4 O-O 7. e3 b6 8. cxd5
Nxd5 9. Bg3 c5 10. e4 Nxc3 11. bxc3 cxd4 12. Nxd4 Bb7 13. f3 Nc6 14. Nb5 Bf6
15. Qb3 Bh4 16. Be2 Bxg3+ 17. hxg3 Qg5 18. Kf2 Qc5+ 19. Kf1 Rad8 20. Qa3 Qe3
21. c4 Qxa3 22. Nxa3 Rd2 23. Nb1 Rb2 24. Nc3 Rc2 25. Nb5 Rd8 26. Kf2 Rdd2 27.
Rhe1 a6 28. Na3 Rxa2 29. Rxa2 Rxa2 30. Nb1 Nd4 31. Nc3 Rc2 32. Na4 b5 33. Nc5
Bc8 34. Ke3 Nxe2 35. Rxe2 Rxe2+ 36. Kxe2 Kf8 0-1

[Event "IX Floripa Chess Open Fort Atacadista"]
[Site "Florianópolis - Santa Catari"]
[Date "2023.01.25"]
[Round "4.29"]
[White "Camara, Terbio Jose"]
[Black "Terao, Juliana Sayumi"]
[Result "0-1"]
[WhiteElo "2055"]
[BlackElo "2243"]
[PlyCount "108"]
[EventDate "2023.01.23"]
[EventRounds "10"]
[EventCountry "BRA"]

1. e4 e5 2. Nf3 Nc6 3. Bb5 a6 4. Ba4 Nf6 5. O-O Be7 6. Re1 b5 7. Bb3 d6 8. c3
O-O 9. h3 Na5 10. Bc2 c5 11. d3 Re8 12. Nbd2 Bf8 13. Nf1 d5 14. exd5 Qxd5 15.
Bg5 Qd6 16. Bxf6 Qxf6 17. d4 Nc6 18. Be4 Rb8 19. Bxc6 Qxc6 20. Nxe5 Qc7 21. Ng4
Rd8 22. Nge3 cxd4 23. cxd4 Qf4 24. d5 Rb6 25. Qc2 Rg6 26. Ng3 Qg5 27. Rad1 h5
28. Ngf5 Rf6 29. Ng3 Rf4 30. Ne2 Rf6 31. Ng3 Rg6 32. Ngf5 Re8 33. h4 Qf4 34. g3
Qe5 35. Kh2 Qb8 36. Ng2 Bd7 37. Rxe8 Qxe8 38. Re1 Qd8 39. Nf4 Rf6 40. Ne3 Rxf4
41. gxf4 Qxh4+ 42. Kg1 Qxf4 43. Ng2 Qg5 44. Qe4 Bd6 45. f4 Qg3 46. Rc1 h4 47.
Rc3 Qg4 48. Qf3 Qg6 49. Kf2 h3 50. Nh4 Qf6 51. Qh5 Qxf4+ 52. Nf3 Qg3+ 53. Kf1
Bg4 54. Qh4 Qg2+ 0-1

[Event "IX Floripa Chess Open Fort Atacadista"]
[Site "Florianópolis - Santa Catari"]
[Date "2023.01.25"]
[Round "4.30"]
[White "Viana Da Costa, Fernando"]
[Black "Silva, Guilherme Henrique "]
[Result "1-0"]
[WhiteElo "2241"]
[BlackElo "2034"]
[PlyCount "143"]
[EventDate "2023.01.23"]
[EventRounds "10"]
[EventCountry "BRA"]

1. c4 e6 2. d4 Nf6 3. Nf3 d5 4. Nc3 Be7 5. Bg5 O-O 6. e3 Nbd7 7. Qc2 c6 8. cxd5
exd5 9. Bd3 Re8 10. O-O h6 11. Bf4 Nh5 12. Nxd5 Nxf4 13. Nxf4 Bd6 14. Ne2 Nf8
15. h3 g5 16. Bf5 h5 17. Bxc8 Rxc8 18. Qf5 Ne6 19. Rad1 Be7 20. Ne5 Bf6 21. Ng3
Ng7 22. Qf3 Bxe5 23. dxe5 Qe7 24. Ne4 Red8 25. Nf6+ Kf8 26. Qe4 Rxd1 27. Rxd1
Rd8 28. Rxd8+ Qxd8 29. Qh7 Ne6 30. Qxh5 Ke7 31. Qe2 Qa5 32. Ng8+ Kf8 33. Nf6
Ke7 34. Ng4 Qxa2 35. Qf3 Qb1+ 36. Kh2 Qxb2 37. Qf6+ Ke8 38. Nh6 Nd8 39. Nf5 Qb4
40. Nd6+ Kd7 41. Qf5+ Ke7 42. Qxg5+ Kd7 43. Qf5+ Ke7 44. Qf6+ Kd7 45. h4 a5 46.
f4 a4 47. h5 a3 48. h6 Qb1 49. e4 a2 50. Qf5+ Kc7 51. Qc8+ Kb6 52. Qxd8+ Kc5
53. Qa5+ b5 54. Qc3+ Kb6 55. h7 a1=Q 56. Qxa1 Qxa1 57. h8=Q Qf1 58. Qb8+ Kc5
59. Qa7+ Kb4 60. Qd4+ Ka5 61. Nb7+ Ka6 62. Nc5+ Ka5 63. Qa1+ Qxa1 64. Nb3+ Kb6
65. Nxa1 c5 66. f5 Kc6 67. Nc2 b4 68. e6 fxe6 69. f6 Kd7 70. e5 b3 71. Na3 b2
72. Nb1 1-0

[Event "IX Floripa Chess Open Fort Atacadista"]
[Site "Florianópolis - Santa Catari"]
[Date "2023.01.25"]
[Round "4.32"]
[White "Zacarias, M Ruben D"]
[Black "Mendez Machado, Andre"]
[Result "1-0"]
[WhiteElo "2176"]
[BlackElo "1986"]
[PlyCount "85"]
[EventDate "2023.01.23"]
[EventRounds "10"]
[EventCountry "BRA"]

1. e4 e5 2. Nf3 Nc6 3. d4 exd4 4. Nxd4 Bc5 5. Nb3 Bb6 6. Nc3 Nf6 7. Bg5 a5 8.
a4 d6 9. Bb5 O-O 10. O-O Nb4 11. Kh1 h6 12. Bh4 g5 13. Bg3 Qe7 14. Bd3 Ng4 15.
h3 Ne5 16. f4 gxf4 17. Bxf4 Qh4 18. Qd2 Ng4 19. Nd1 Nxd3 20. Qxd3 Ne5 21. Bxe5
dxe5 22. Kh2 Be6 23. Ne3 Rad8 24. Qe2 Qxe4 25. Rf3 Kh7 26. Raf1 f5 27. Nd2 Qd4
28. Nec4 e4 29. Rf4 Qg7 30. Nxb6 cxb6 31. Nxe4 Kh8 32. Ng3 Rg8 33. Nh5 Qg6 34.
Qe5+ Kh7 35. Nf6+ Kh8 36. Nxg8+ Kxg8 37. R1f3 Kf7 38. Rg3 Qf6 39. Qc7+ Rd7 40.
Qxb6 Qe5 41. Qe3 Qxb2 42. Rh4 Qxc2 43. Rxh6 1-0

[Event "IX Floripa Chess Open Fort Atacadista"]
[Site "Florianópolis - Santa Catari"]
[Date "2023.01.25"]
[Round "4.33"]
[White "Cordero, Daniela"]
[Black "Aranha Filho, Alvaro Z."]
[Result "1-0"]
[WhiteElo "2027"]
[BlackElo "2171"]
[PlyCount "77"]
[EventDate "2023.01.23"]
[EventRounds "10"]
[EventCountry "BRA"]

1. d4 Nf6 2. Nf3 e6 3. c4 Bb4+ 4. Bd2 a5 5. Qc2 d6 6. e4 e5 7. d5 O-O 8. h3 Na6
9. a3 Bxd2+ 10. Nbxd2 Nc5 11. b3 Nh5 12. Rb1 f5 13. Rb2 fxe4 14. Nxe4 Nxe4 15.
Qxe4 Rf4 16. Qe3 Bf5 17. Be2 Bg6 18. O-O Re4 19. Qc3 Nf4 20. Bd1 Qf6 21. Rd2
Bf5 22. Ne1 Rd4 23. Kh2 b6 24. Nf3 Qg6 25. Rg1 Rxd2 26. Nxd2 Rf8 27. Qe3 Qh6
28. g4 Bd3 29. Rg3 g5 30. Bf3 Qh4 31. Bg2 Nxg2 32. Kxg2 Bg6 33. Nf3 Qh6 34.
Nxg5 e4 35. Nxe4 Qg7 36. Ng5 Qb2 37. Rf3 Re8 38. Ne6 Qb1 39. Qh6 1-0

[Event "IX Floripa Chess Open Fort Atacadista"]
[Site "Florianópolis - Santa Catari"]
[Date "2023.01.25"]
[Round "4.34"]
[White "Caetano, Hugo Zanotti Mendon"]
[Black "Ferraz, Michel Liah"]
[Result "1/2-1/2"]
[WhiteElo "2166"]
[BlackElo "1947"]
[PlyCount "27"]
[EventDate "2023.01.23"]
[EventRounds "10"]
[EventCountry "BRA"]

1. d4 Nf6 2. c4 e6 3. Nf3 d5 4. Nc3 Be7 5. Bg5 h6 6. Bh4 O-O 7. e3 b6 8. cxd5
exd5 9. Bd3 Bb7 10. O-O Nbd7 11. a4 c5 12. Qe2 Re8 13. Bg3 Ne4 14. dxc5 1/2-1/2

[Event "IX Floripa Chess Open Fort Atacadista"]
[Site "Florianópolis - Santa Catari"]
[Date "2023.01.25"]
[Round "4.35"]
[White "Pereira, Silvio Cunha"]
[Black "Pontes, Israel Fillip Da Si"]
[Result "0-1"]
[WhiteElo "2159"]
[BlackElo "1947"]
[PlyCount "100"]
[EventDate "2023.01.23"]
[EventRounds "10"]
[EventCountry "BRA"]

1. e4 e5 2. Nf3 Nc6 3. Bb5 a6 4. Ba4 Nf6 5. O-O b5 6. Bb3 Bc5 7. c3 O-O 8. d4
Ba7 9. Nxe5 Nxe4 10. Bd5 Nf6 11. Bxc6 dxc6 12. Nxc6 Qd6 13. Nxa7 Rxa7 14. Qf3
Bb7 15. Qf5 Raa8 16. Bg5 Ne4 17. Nd2 Nxg5 18. Qxg5 Rae8 19. Rfe1 Re6 20. Rxe6
Qxe6 21. Nf1 f5 22. Qf4 Qe2 23. Qd2 Qg4 24. Ne3 Qg5 25. f3 Bxf3 26. Nc4 f4 27.
Ne5 Bd5 28. b3 c5 29. Rf1 cxd4 30. cxd4 h6 31. Nd3 f3 32. Qxg5 hxg5 33. gxf3
Bxf3 34. Ne5 Be4 35. Rxf8+ Kxf8 36. Nd7+ Ke7 37. Nc5 Bb1 38. Nxa6 Bxa2 39. Nc5
Kd6 40. Kf2 Kd5 41. Ke3 Bb1 42. Nd3 g4 43. Nf4+ Kd6 44. Kd2 Be4 45. Kc3 g5 46.
Nd3 Bh1 47. Ne5 Bf3 48. Nf7+ Kd5 49. Nxg5 b4+ 50. Kd3 Bd1 0-1

[Event "IX Floripa Chess Open Fort Atacadista"]
[Site "Florianópolis - Santa Catari"]
[Date "2023.01.25"]
[Round "4.37"]
[White "Carvalho, Guillermo"]
[Black "Caceres Benitez, Arturo Eduardo"]
[Result "1/2-1/2"]
[WhiteElo "2154"]
[BlackElo "1944"]
[PlyCount "64"]
[EventDate "2023.01.23"]
[EventRounds "10"]
[EventCountry "BRA"]

1. c4 c5 2. Nc3 Nc6 3. g3 g6 4. Bg2 Bg7 5. e4 d6 6. Nge2 h5 7. h3 h4 8. g4 e5
9. d3 Nge7 10. Nd5 Nxd5 11. cxd5 Nd4 12. Nxd4 cxd4 13. O-O O-O 14. f4 f5 15.
gxf5 gxf5 16. Qh5 Qd7 17. fxe5 dxe5 18. exf5 Rxf5 19. Bg5 Qf7 20. Qxf7+ Rxf7
21. Rxf7 Kxf7 22. Rc1 Bf5 23. Rc7+ Kg6 24. Be7 Bf6 25. d6 Bxe7 26. dxe7 Kf6 27.
Rxb7 Re8 28. Rxa7 Bxd3 29. Bf1 Bxf1 30. Kxf1 Rxe7 31. Rxe7 Kxe7 32. a4 Kd6
1/2-1/2

[Event "IX Floripa Chess Open Fort Atacadista"]
[Site "Florianópolis - Santa Catari"]
[Date "2023.01.25"]
[Round "4.38"]
[White "De Oliveira, Gustavo Alfredo Bue"]
[Black "Souza, Ramon Santana De"]
[Result "1/2-1/2"]
[WhiteElo "2150"]
[BlackElo "1933"]
[PlyCount "96"]
[EventDate "2023.01.23"]
[EventRounds "10"]
[EventCountry "BRA"]

1. e4 g6 2. Nf3 Bg7 3. Nc3 d6 4. d4 a6 5. Bf4 b5 6. a3 Bb7 7. Qd2 Nd7 8. O-O-O
c5 9. dxc5 Nxc5 10. e5 Ne6 11. Ng5 Nxg5 12. Bxg5 Bxe5 13. Nd5 h6 14. Be3 Bxd5
15. Qxd5 Rc8 16. f4 Qc7 17. Bd3 Bg7 18. Bd4 Nf6 19. Qb3 O-O 20. Bxg6 Qc4 21.
Qxc4 Rxc4 22. Bf5 e6 23. Bh3 Rfc8 24. c3 a5 25. Kb1 b4 26. axb4 axb4 27. Rhe1
bxc3 28. Bxc3 Rb8 29. Bxf6 Bxf6 30. Re2 Rxf4 31. Rxd6 Rf1+ 32. Ka2 Ra8+ 33. Kb3
Rb1 34. Rb6 Rd8 35. Rb7 Rd3+ 36. Kc2 Rdd1 37. Rf2 Rdc1+ 38. Kb3 Be5 39. Bg4 Rf1
40. Rd2 Bxh2 41. Rd8+ Kg7 42. Bxe6 Be5 43. Rd2 Kg6 44. Bc4 Rfd1 45. Bxf7+ Kg5
46. Re2 Re1 47. Rf2 Rf1 48. Rxf1 Rxb2+ 1/2-1/2

[Event "IX Floripa Chess Open Fort Atacadista"]
[Site "Florianópolis - Santa Catari"]
[Date "2023.01.25"]
[Round "4.39"]
[White "Piccoli, Lucas Fonseca"]
[Black "Calsing, Ado"]
[Result "0-1"]
[WhiteElo "2148"]
[BlackElo "1863"]
[PlyCount "110"]
[EventDate "2023.01.23"]
[EventRounds "10"]
[EventCountry "BRA"]

1. e4 c5 2. Nf3 e6 3. d4 cxd4 4. Nxd4 Nf6 5. Nc3 d6 6. Be2 a6 7. O-O Nbd7 8. f4
b5 9. a3 Bb7 10. Bf3 Rc8 11. Qe2 Qc7 12. Be3 Be7 13. Rae1 O-O 14. Bf2 Rfe8 15.
g4 Nb6 16. g5 Nfd7 17. h4 Bf8 18. Nb3 Nc4 19. Nd1 Ndb6 20. h5 e5 21. f5 d5 22.
c3 dxe4 23. Bxe4 Nd5 24. Qf3 Nd6 25. Nc5 Nxe4 26. Nxe4 Nf4 27. Bg3 Nh3+ 28. Kh2
Nxg5 29. Qg4 Nxe4 30. Rxe4 Bxe4 31. Qxe4 Qc4 32. Qxc4 Rxc4 33. f6 Rc6 34. Bh4
gxf6 35. Ne3 Bh6 36. Nf5 Bf4+ 37. Kh3 h6 38. Rg1+ Kh8 39. Rg7 Rf8 40. Rg1 Bg5
41. Rd1 Bxh4 42. Kxh4 Rc4+ 43. Kh3 Rf4 44. Nxh6 Kh7 45. Ng4 Rg8 46. Rg1 e4 47.
Rg3 Kh8 48. b3 Rg5 49. h6 Rf3 50. Rxf3 exf3 51. Nf2 Rg2 52. Ne4 f5 53. Nd6 Rg6
54. Nxf5 f2 55. Ne3 Rg1 0-1

[Event "IX Floripa Chess Open Fort Atacadista"]
[Site "Florianópolis - Santa Catari"]
[Date "2023.01.25"]
[Round "4.40"]
[White "Burgos, Marcelo Alves"]
[Black "Borger, David Lupovici"]
[Result "1-0"]
[WhiteElo "2143"]
[BlackElo "1832"]
[PlyCount "53"]
[EventDate "2023.01.23"]
[EventRounds "10"]
[EventCountry "BRA"]

1. d4 d5 2. c4 e6 3. g3 Nf6 4. Bg2 dxc4 5. Nf3 c5 6. O-O Nc6 7. Ne5 Nxe5 8.
dxe5 Qxd1 9. Rxd1 Nd5 10. Nc3 Nxc3 11. bxc3 Rb8 12. a4 b6 13. Bc6+ Ke7 14. a5
b5 15. Be3 f6 16. Bxc5+ Kf7 17. Bxa7 Bb7 18. Rd7+ Kg6 19. Bxb7 Re8 20. Bd4 fxe5
21. Bxe5 Bc5 22. Be4+ Kh5 23. Rxg7 Ref8 24. e3 b4 25. cxb4 Bxb4 26. a6 Bc3 27.
Bxc3 1-0

[Event "IX Floripa Chess Open Fort Atacadista"]
[Site "Florianópolis - Santa Catari"]
[Date "2023.01.25"]
[Round "4.41"]
[White "Curi, Gabriel"]
[Black "Jodorcovsky, Alejandro David"]
[Result "1-0"]
[WhiteElo "2136"]
[BlackElo "1808"]
[PlyCount "61"]
[EventDate "2023.01.23"]
[EventRounds "10"]
[EventCountry "BRA"]

1. d4 f5 2. Nc3 Nf6 3. Bg5 d5 4. e3 Be6 5. Nf3 Nbd7 6. Bd3 Ne4 7. h4 h6 8. Bf4
g6 9. Ne2 Rg8 10. Ne5 g5 11. hxg5 hxg5 12. f3 gxf4 13. fxe4 Nxe5 14. dxe5 fxe4
15. Nxf4 Qd7 16. Qh5+ Kd8 17. Bxe4 c6 18. O-O-O Kc7 19. Bf3 Bg4 20. Bxg4 Qxg4
21. Qxg4 Rxg4 22. Rh8 Kd7 23. c4 e6 24. Rdh1 Re8 25. R1h7+ Re7 26. Rxe7+ Bxe7
27. cxd5 cxd5 28. Rh7 Rg5 29. Kd2 Ke8 30. Ke2 Bf8 31. Rxb7 1-0

[Event "IX Floripa Chess Open Fort Atacadista"]
[Site "Florianópolis - Santa Catari"]
[Date "2023.01.25"]
[Round "4.42"]
[White "Volkmann, Andre Jordi"]
[Black "Miranda Fernandez, Marcos Manuel"]
[Result "1-0"]
[WhiteElo "2129"]
[BlackElo "1759"]
[PlyCount "61"]
[EventDate "2023.01.23"]
[EventRounds "10"]
[EventCountry "BRA"]

1. d4 d5 2. c4 e6 3. Nc3 f5 4. Bf4 Nf6 5. Nf3 c6 6. e3 Be7 7. Be2 O-O 8. Ne5
Nbd7 9. Qb3 Nxe5 10. Bxe5 Nd7 11. Bg3 Qb6 12. h4 Qxb3 13. axb3 Nf6 14. c5 Ne4
15. Nxe4 fxe4 16. b4 Bd7 17. f3 exf3 18. gxf3 b6 19. Kf2 bxc5 20. bxc5 Rf7 21.
Ra6 Bd8 22. b4 Be8 23. b5 Rc8 24. Rha1 Rb7 25. bxc6 Bxc6 26. Rxa7 Rb2 27. R1a2
Rxa2 28. Rxa2 Ra8 29. Rxa8 Bxa8 30. Bb5 Bb7 31. Bd7 1-0

[Event "IX Floripa Chess Open Fort Atacadista"]
[Site "Florianópolis - Santa Catari"]
[Date "2023.01.25"]
[Round "4.43"]
[White "Moura, Eduardo Eugenio Cha"]
[Black "De Paula, Luan Araujo"]
[Result "1/2-1/2"]
[WhiteElo "2127"]
[BlackElo "1747"]
[PlyCount "37"]
[EventDate "2023.01.23"]
[EventRounds "10"]
[EventCountry "BRA"]

1. e4 c5 2. c3 Nf6 3. e5 Nd5 4. d4 cxd4 5. Nf3 e6 6. cxd4 Nc6 7. Bc4 d6 8. O-O
Be7 9. Qe2 O-O 10. Qe4 Ndb4 11. exd6 Qxd6 12. Bf4 Qd8 13. Nc3 Bf6 14. a3 Nd5
15. Nxd5 exd5 16. Bxd5 Bg4 17. Ne5 Bf5 18. Qxf5 Qxd5 19. Qg4 1/2-1/2

[Event "IX Floripa Chess Open Fort Atacadista"]
[Site "Florianópolis - Santa Catari"]
[Date "2023.01.25"]
[Round "4.44"]
[White "Sergio, Claudio Santos"]
[Black "Campelo, Leandro Fabricio"]
[Result "1/2-1/2"]
[WhiteElo "1981"]
[BlackElo "2125"]
[PlyCount "84"]
[EventDate "2023.01.23"]
[EventRounds "10"]
[EventCountry "BRA"]

1. d4 Nf6 2. f4 g6 3. e3 Bg7 4. Nf3 O-O 5. Bd3 Re8 6. O-O d6 7. Nbd2 c5 8. c3
Nc6 9. Qe2 e5 10. fxe5 dxe5 11. Nxe5 Nxe5 12. dxe5 Ng4 13. Nf3 Nxe5 14. Nxe5
Bxe5 15. e4 Qc7 16. g3 Be6 17. Bf4 c4 18. Bc2 Rad8 19. Qe3 a6 20. Rad1 b5 21.
Rxd8 Rxd8 22. Rd1 Rxd1+ 23. Bxd1 a5 24. Bxe5 Qxe5 25. Qd4 Qg5 26. e5 h5 27. Qf4
Qd8 28. Qd4 Qxd4+ 29. cxd4 b4 30. Kf2 c3 31. bxc3 bxc3 32. Ke3 Bxa2 33. Kd3 f6
34. Kxc3 Kf7 35. h4 Bd5 36. Ba4 Ke7 37. Kd3 Ke6 38. exf6 Kxf6 39. Ke3 Kf5 40.
Bd7+ Kf6 41. Ba4 Kf5 42. Bd7+ Kf6 1/2-1/2

[Event "IX Floripa Chess Open Fort Atacadista"]
[Site "Florianópolis - Santa Catari"]
[Date "2023.01.25"]
[Round "4.45"]
[White "Cabral, Vinicius Albuquerqu"]
[Black "Umetsubo, Cesar Hidemitsu"]
[Result "0-1"]
[WhiteElo "1744"]
[BlackElo "2365"]
[PlyCount "54"]
[EventDate "2023.01.23"]
[EventRounds "10"]
[EventCountry "BRA"]

1. e4 c5 2. Nf3 e6 3. c3 Nf6 4. e5 Nd5 5. d4 cxd4 6. cxd4 d6 7. Bd3 Nc6 8. O-O
Be7 9. a3 O-O 10. Re1 dxe5 11. dxe5 Qc7 12. b4 Rd8 13. Qe2 b6 14. Qe4 g6 15.
Bb2 Bb7 16. Nbd2 Ndxb4 17. axb4 Nxb4 18. Qc4 Qxc4 19. Bxc4 Nc2 20. Bb3 Nxe1 21.
Rxe1 Bb4 22. Rd1 a5 23. Kf1 a4 24. Bc2 a3 25. Ba1 Rac8 26. Nb3 Bd5 27. Nfd4
Rxc2 0-1

[Event "IX Floripa Chess Open Fort Atacadista"]
[Site "Florianópolis - Santa Catari"]
[Date "2023.01.25"]
[Round "4.46"]
[White "Gomes, Luiz Alexandre De S"]
[Black "Valcarcel, Victor Ignacio Dos "]
[Result "1-0"]
[WhiteElo "2335"]
[BlackElo "1873"]
[PlyCount "53"]
[EventDate "2023.01.23"]
[EventRounds "10"]
[EventCountry "BRA"]

1. e4 e5 2. Bc4 Nf6 3. d3 c6 4. Bb3 d5 5. Nd2 Bd6 6. h3 Nbd7 7. Ngf3 O-O 8. c3
Re8 9. O-O Nc5 10. Bc2 Ne6 11. Nh2 Nf4 12. Qf3 h5 13. Nb3 g5 14. g4 hxg4 15.
hxg4 dxe4 16. dxe4 Kg7 17. Bxf4 exf4 18. Rad1 Qc7 19. Nd4 Rh8 20. Qg2 Rxh2 21.
Qxh2 Bxg4 22. f3 Rh8 23. Qg2 Bh3 24. Qxg5+ Kf8 25. Qxf6 Rg8+ 26. Kh2 Be5 27.
Ne6+ 1-0

[Event "IX Floripa Chess Open Fort Atacadista"]
[Site "Florianópolis - Santa Catari"]
[Date "2023.01.25"]
[Round "4.47"]
[White "Lujan, Carolina"]
[Black "De Souza Monteiro, Marcos Paulo"]
[Result "1-0"]
[WhiteElo "2324"]
[BlackElo "1869"]
[PlyCount "55"]
[EventDate "2023.01.23"]
[EventRounds "10"]
[EventCountry "BRA"]

1. e4 c5 2. g3 d6 3. Bg2 g6 4. Ne2 Bg7 5. c3 Nc6 6. d4 cxd4 7. cxd4 Nf6 8. Nbc3
O-O 9. O-O a6 10. h3 e5 11. Be3 Nd7 12. Nd5 Ne7 13. dxe5 Nxd5 14. Qxd5 Nxe5 15.
Nf4 Qe7 16. Qb3 Be6 17. Nxe6 Qxe6 18. Rfd1 Qxb3 19. axb3 Rfd8 20. Bb6 Rd7 21.
f4 Nc6 22. e5 Re8 23. Rxd6 Rxd6 24. exd6 Bxb2 25. Bxc6 bxc6 26. d7 Rb8 27. Re1
Kf8 28. d8=Q+ 1-0